|
|
|
|
| LEADER |
01747cam a2200289 i 4500 |
| 003 |
GR-PaULI |
| 005 |
20240131085230.0 |
| 008 |
000320s1996 g 000 gre |
| 952 |
|
|
|0 0
|1 0
|2 ddc
|4 0
|6 949_507000000000000_4_ΣΦΗ
|7 0
|9 10340
|a LISA
|b LISA
|c BSC
|d 2016-04-24
|l 1
|o 949.507 4 ΣΦΗ
|p 026000281755
|r 2016-05-26 00:00:00
|s 2016-05-10
|t 1
|v 2016.00
|w 2016-04-24
|y BK15
|
| 999 |
|
|
|c 5386
|d 5386
|
| 020 |
|
|
|a 9603690155
|
| 040 |
|
|
|a GR-PaULI
|b gre
|c GR-PaULI
|d GR-AiPI
|e AACR2
|
| 041 |
1 |
|
|a gre
|h eng
|
| 082 |
0 |
4 |
|a 949.507 4
|2 23
|
| 100 |
1 |
|
|a Σφήκας, Θανάσης Δ.
|d 1963-
|e συγγραφέας.
|9 10756
|
| 245 |
1 |
0 |
|a Οι Άγγλοι εργατικοί και ο εμφύλιος πόλεμος στην Ελλάδα :
|b ο ιμπεριαλισμός της "Μη-Επέμβασης" /
|c Θανάσης Δ. Σφήκας ; μετάφραση Βίλλυ Φωτοπούλου.
|
| 260 |
|
|
|a Αθήνα :
|a Φιλίστωρ,
|c c1996.
|
| 300 |
|
|
|a 557 σ. ;
|c 23 εκ.
|
| 490 |
1 |
|
|a Ιστορία και κοινωνία / Πανεπιστημιακές Εκδόσεις Κρήτης ;
|v 4
|
| 500 |
|
|
|a Τίτλος πρωτοτύπου: The British labour government and the Greek civil war.
|
| 651 |
|
4 |
|a Μεγάλη Βρετανία
|x Εξωτερικές σχέσεις
|y Εμφύλιος πόλεμος, 1944-1949
|z Ελλάδα.
|9 10757
|
| 651 |
|
4 |
|9 7420
|a Ελλάδα
|x Ιστορία.
|
| 700 |
1 |
|
|a Φωτοπούλου, Βίλλυ
|e μεταφράστρια.
|9 10758
|
| 765 |
0 |
8 |
|i Μετάφραση του :
|t The British labour government and the Greek civil war
|
| 830 |
|
0 |
|a Ιστορία και κοινωνία (Πανεπιστημιακές Εκδόσεις Κρήτης)
|v 4.
|9 159117
|
| 942 |
|
|
|2 ddc
|c BK15
|
| 998 |
|
|
|c ΚΟΚΟΤΟΥ
|d 2020-07
|